Quizzes
Events
Quiz Creation
Community
Videos
Private Events
Remove Ads
Sign In
Join for FREE
Feedback
Dark Mode
Quiz Categories
Sports
Geography
Music
Movies
Television
Just For Fun
Miscellaneous
History
Literature
Language
Science
Gaming
Entertainment
Religion
Holiday
For Kids
Quiz Lab
Recent
Popular Today
Quiz Kudos Today
Editor Picks
Curator Picks
Quizzes by...
Day
Popularity
Type
Ratings
Length
Year
Community
Subscriptions
Recent Discussions
Orange Saloon
Badges
Playlists
Quests
Create
Leaderboards
Showdown
Live 5
Trivia Bingo
Activity
Puzzle Library
Sporcle Events
Private Events
Virtual Trivia
Globe League
Become a Host
Pub Owners
SporcleCon
Opinionation
Our Games
Videos
Blog
Mobile Apps
Partnerships
Remove Ads and Go Orange
Feedback
History
US Presidents
World Leaders
Politics
Nation
Discovery
War
Decade
Year
Century
Biography
Art
History
US Presidents
World Leaders
Politics
Nation
Discovery
War
Decade
Year
Century
Biography
Art
Random Quiz
Search Sporcle
×
Quiz Lab
Quiz Lab
History
Popular
Type in answers that appear in a list
Type in answers that appear in a list
Classic
Best Score? Go Orange.
States Carried By 1948 Candidates Stats
Can you name the states that were carried by the 1948 presidential candidates?
By
SMFAussieRobbo
15m
48 Questions
92 Plays
92 Plays
92 Plays
Comments
Comments
Give Quiz Kudos
Give Quiz Kudos
-
- Ratings
hide this ad
Forced Order
Answers have to be entered in order
Answers have to be entered in order
Replay
Link that replays current quiz
Next Quiz
Link to next quiz in quiz playlist
You Got
0%
They Got
Avg Score
88%
Avg Friend Score
Upgrade to see
Score Distribution
Jump to the score distribution portion of the page
Score
0/48
Timer
15:00
0
Plays Today
Popular Vote Percentage
State
% Correct
87.17%
Mississippi
100%
79.75%
Alabama
98.9%
71.97%
South Carolina
98.9%
65.96%
Texas
97.8%
61.72%
Arkansas
94.6%
61.54%
Vermont
94.6%
56.74%
Maine
93.5%
58.11%
Missouri
93.5%
52.41%
New Hampshire
92.4%
53.63%
Kansas
91.3%
56.74%
Kentucky
91.3%
54.15%
Nebraska
91.3%
58.02%
North Carolina
91.3%
52.17%
North Dakota
91.3%
62.75%
Oklahoma
91.3%
53.79%
Arizona
90.2%
60.81%
Georgia
90.2%
57.16%
Minnesota
90.2%
50.93%
Pennsylvania
90.2%
51.84%
South Dakota
90.2%
53.98%
Utah
90.2%
57.32%
West Virginia
90.2%
54.66%
Massachusetts
89.1%
53.09%
Montana
89.1%
Popular Vote Percentage
State
% Correct
50.33%
New Jersey
89.1%
56.38%
New Mexico
89.1%
52.61%
Washington
89.1%
50.31%
Iowa
88%
57.59%
Rhode Island
88%
50.70%
Wisconsin
88%
51.62%
Wyoming
88%
51.88%
Colorado
87%
50.04%
Delaware
87%
50.07%
Illinois
87%
49.55%
Connecticut
85.9%
49.58%
Indiana
85.9%
50.37%
Nevada
85.9%
49.78%
Oregon
85.9%
49.48%
Ohio
84.8%
49.98%
Idaho
83.7%
49.40%
Maryland
83.7%
49.07%
Louisiana
82.6%
49.23%
Michigan
80.4%
47.57%
California
79.3%
45.98%
New York
79.3%
49.14%
Tennessee
79.3%
48.82%
Florida
78.3%
47.89%
Virginia
78.3%
Quiz Playlist
Details
Report
Send in Message
Add To Playlist
Classic:
Type in answers that appear in a list
Forced Order:
Answers have to be entered in order
Last Updated: May 7, 2017
Quiz Scoreboard
CHALLENGE
Sign Up to Join the Scoreboard
Show All
Scores
Hide
Comments
May contain spoilers
Recently Published
Click the 1999 NBA Draft
by nibperrychub
Sports
2m
Alphabetical 'K' Countries by Flag Minefield
by ylime102
Geography
3m
Pick 6: Fruits
by JohnFran
Miscellaneous
15s
More to Explore
Quiz From the Vault
Featured Blog Post
15 Basketball Trivia Facts You Can Be March Mad About
hide this ad
You Might Also Like...
Tags
Popular Quiz
State Quiz
1948
candidate
election
Percentage
Vote
Today's Top Quizzes in History
Browse History
hide this ad
Today's Top Quizzes in Popular
Browse Popular
Top Contributed Quizzes in History
1
I Am Born On March 19th
2
Famous Spring Paintings
3
Arab Spring Nations
4
Art in Bloom
5
'NCAA' US History
6
I Am Born On March 18th
7
Mahatma Gandhi, This Is Your Life
8
History by Year: 1980s
9
Nickname Match: World Leaders II
10
Abraham Lincoln, This Is Your Life
Explore More
Trending Topics
Crossword
Marvel
NBA
Anime
Kpop
Harry Potter
Disney
Pokémon
Soccer
Puzzle
WWE
NFL
Country
Song
The Office
hide this ad
More By:
SMFAussieRobbo
Quiz
Plays
Rating
Category
Featured
Created
Most Republican State In Each Election
174
5.00
History
Jan 24, 2017
Last Time Each State Voted Dem. And Rep. (2016)
163
4.00
History
Dec 25, 2016
Most Democratic State In Each Election
159
3.67
History
Jan 23, 2017
States Carried By 1972 Candidates
117
History
Apr 23, 2017
Who Carried California In Each Election?
117
5.00
History
Jan 29, 2017
Go to Creator's Profile
Score Distribution
Quiz Creator Spotlight
SMFAussieRobbo
Follow
Send a Message
Quizzes Created
-
Created Quiz Play Count
-
More By This Creator
Popular Quizzes Today
1
Countries of Asia Without Outlines Minefield
2
Find the US States - No Outlines Minefield
3
Pick 6: Fruits
4
Alphabetical 'K' Countries by Flag Minefield
5
The Countries of the World
6
Find the US States
7
US States
8
Match the Book to the Film X
More History Quizzes
5 by 5 Art by Century
Published
Trending Quizzes
Pick 6: Harry Potter
Pick 6: Mountains
Pick 6: NFL Teams
Pick 6: Flags
Pick 6: Movie Franchises
Recently Updated
NWSL Teams
pecheneg
Women's Final Four Teams by Year
bhenderson79
Presidents Quartet II
eogle
Anything But Clue(do)
eogle
Anything But Oceanian Capitals
eogle
Anything But 7
eogle
Anything But Thing
eogle
Word Ladder: February 29
pecheneg
Song Title Questions
pecheneg
Women's NCAA Tournament #1 Seeds
pecheneg
Trending Topics
Harry Potter
Kpop
Crossword
NBA
Anime
Marvel
Disney
Song
The Office
Puzzle
Country
Soccer
Pokémon
WWE
NFL
Your Account Isn't Verified!
In order to create a playlist on Sporcle, you need to verify the email address you used during registration. Go to your
Sporcle Settings
to finish the process.
Report this User
Report this user for behavior that violates our
Community Guidelines
.
Details:
Send Report
Go to the Sporcle.com Mobile Site →
Comments